<?xml version="1.0" encoding="UTF-8"?>
<record
    xmlns:xsi="http://www.w3.org/2001/XMLSchema-instance"
    xsi:schemaLocation="http://www.loc.gov/MARC21/slim http://www.loc.gov/standards/marcxml/schema/MARC21slim.xsd"
    xmlns="http://www.loc.gov/MARC21/slim">

  <leader>01324naa a22003137a 4500</leader>
  <controlfield tag="001">BR9500097</controlfield>
  <controlfield tag="003">BR-BrBNA</controlfield>
  <controlfield tag="005">20250721155527.0</controlfield>
  <controlfield tag="007">ta</controlfield>
  <controlfield tag="008">250630b bl.|||m| |||| 00| 0 por d</controlfield>
  <datafield tag="040" ind1=" " ind2=" ">
    <subfield code="a">BR-BrBNA</subfield>
    <subfield code="b">por</subfield>
    <subfield code="c">Biblioteca Nacional de Agricultura</subfield>
  </datafield>
  <datafield tag="041" ind1=" " ind2=" ">
    <subfield code="a">(Pt)</subfield>
  </datafield>
  <datafield tag="072" ind1=" " ind2=" ">
    <subfield code="a">P36</subfield>
  </datafield>
  <datafield tag="090" ind1=" " ind2=" ">
    <subfield code="a">P36 BR9500097</subfield>
  </datafield>
  <datafield tag="100" ind1="1" ind2=" ">
    <subfield code="a">Macedo, J.L.V. de</subfield>
  </datafield>
  <datafield tag="100" ind1="1" ind2=" ">
    <subfield code="a">Cravo, M. da S.</subfield>
  </datafield>
  <datafield tag="100" ind1="1" ind2=" ">
    <subfield code="a">Souza, G.F. de</subfield>
  </datafield>
  <datafield tag="100" ind1="1" ind2=" ">
    <subfield code="a">Bueno, N.</subfield>
  </datafield>
  <datafield tag="100" ind1="1" ind2=" ">
    <subfield code="a">Matos, J.C. de S.</subfield>
  </datafield>
  <datafield tag="111" ind1="1" ind2=" ">
    <subfield code="a">Mesa Redonda Sobre Recuperacao de Solos Atraves do Uso de Leguminosas</subfield>
    <subfield code="c">Manaus, AM (Brazil)</subfield>
    <subfield code="d">26-28 Jul 1991</subfield>
  </datafield>
  <datafield tag="245" ind1="1" ind2=" ">
    <subfield code="a">Uso eficiente de leguminosas e suas potencialidades na recuperacao de areas degradadas da Amazonia Oriental</subfield>
  </datafield>
  <datafield tag="500" ind1=" " ind2=" ">
    <subfield code="a">Mesa redonda sobre recuperacao de solos atraves do uso de leguminosas. Trabalho e recomendacoes
Belem, PA (Brasil): 1992. p. 43-53 [19 ref.]
(BR9500097-AMS)
</subfield>
  </datafield>
  <datafield tag="773" ind1="0" ind2=" ">
    <subfield code="t">Mesa redonda sobre recuperacao de solos atraves do uso de leguminosas. Trabalho e recomendacoes</subfield>
    <subfield code="w">P36 BR9500097</subfield>
    <subfield code="g">Belem, PA (Brasil), 1992. p. 43-53</subfield>
  </datafield>
  <datafield tag="650" ind1=" " ind2=" ">
    <subfield code="a">Leguminosa</subfield>
  </datafield>
  <datafield tag="650" ind1=" " ind2=" ">
    <subfield code="a">Recuperacao do Solo</subfield>
  </datafield>
  <datafield tag="490" ind1=" " ind2=" ">
    <subfield code="a">Documentos - Centro de Pesquisa Agroflorestal da Amazonia Oriental (Brazil)</subfield>
    <subfield code="v">no. 67</subfield>
    <subfield code="x">ISSN 0101-2835</subfield>
  </datafield>
  <datafield tag="942" ind1=" " ind2=" ">
    <subfield code="c">AMS</subfield>
    <subfield code="2">AGRIS</subfield>
  </datafield>
  <datafield tag="909" ind1=" " ind2=" ">
    <subfield code="a">202506</subfield>
    <subfield code="b">L&#xFA;cia</subfield>
    <subfield code="c">55</subfield>
    <subfield code="d">L&#xFA;cia Elande</subfield>
  </datafield>
  <datafield tag="999" ind1=" " ind2=" ">
    <subfield code="c">337010</subfield>
    <subfield code="d">337010</subfield>
  </datafield>
  <datafield tag="952" ind1=" " ind2=" ">
    <subfield code="0">0</subfield>
    <subfield code="2">AGRIS</subfield>
    <subfield code="4">0</subfield>
    <subfield code="7">0</subfield>
    <subfield code="8">AGROBASE</subfield>
    <subfield code="a">41918</subfield>
    <subfield code="b">41918</subfield>
    <subfield code="l">0</subfield>
    <subfield code="r">2025-06-30</subfield>
    <subfield code="t">01</subfield>
    <subfield code="y">AMS</subfield>
    <subfield code="1">0</subfield>
    <subfield code="d">2025-06-30</subfield>
    <subfield code="e">Portaria Interministerial n&#xBA; 164/94</subfield>
  </datafield>
</record>
